|
|
|
|
| LEADER |
00000caa a22000002c 4500 |
| 001 |
1507864485 |
| 003 |
DE-627 |
| 005 |
20220602142821.0 |
| 007 |
tu |
| 008 |
150722s2002 xx ||||| 00| ||ger c |
| 020 |
|
|
|a 3810033200
|
| 035 |
|
|
|a (DE-627)1507864485
|
| 035 |
|
|
|a (DE-576)437864480
|
| 035 |
|
|
|a (DE-599)BSZ437864480
|
| 040 |
|
|
|a DE-627
|b ger
|c DE-627
|e rakwb
|
| 041 |
|
|
|a ger
|
| 100 |
1 |
|
|a Merkens, Hans
|d 1937-2024
|0 (DE-588)129407739
|0 (DE-627)396070108
|0 (DE-576)162207050
|4 aut
|
| 109 |
|
|
|a Merkens, Hans 1937-2024
|
| 245 |
1 |
0 |
|a Kindheit und Jugend in Ost- und Westdeutschland
|b Ansätze und Ergebnisse der Kindheits- und Jugendforschung seit der Wende
|
| 264 |
|
1 |
|c 2002
|
| 336 |
|
|
|a Text
|b txt
|2 rdacontent
|
| 337 |
|
|
|a ohne Hilfsmittel zu benutzen
|b n
|2 rdamedia
|
| 338 |
|
|
|a Band
|b nc
|2 rdacarrier
|
| 650 |
0 |
7 |
|0 (DE-588)4279876-0
|0 (DE-627)104385472
|0 (DE-576)210752912
|a Ostdeutsche
|2 gnd
|
| 650 |
0 |
7 |
|0 (DE-588)4279877-2
|0 (DE-627)104385464
|0 (DE-576)210752920
|a Westdeutsche
|2 gnd
|
| 650 |
0 |
7 |
|0 (DE-588)4394008-0
|0 (DE-627)190553537
|0 (DE-576)211977594
|a Kindheitsforschung
|2 gnd
|
| 650 |
0 |
7 |
|0 (DE-588)4194649-2
|0 (DE-627)105217891
|0 (DE-576)21009558X
|a Jugendforschung
|2 gnd
|
| 650 |
0 |
7 |
|0 (DE-588)4030550-8
|0 (DE-627)104360100
|0 (DE-576)208988165
|a Kind
|2 gnd
|
| 650 |
0 |
7 |
|0 (DE-588)4028859-6
|0 (DE-627)104419199
|0 (DE-576)208979859
|a Jugend
|2 gnd
|
| 650 |
0 |
7 |
|0 (DE-588)4114328-0
|0 (DE-627)10582299X
|0 (DE-576)209483687
|a Kulturvergleich
|2 gnd
|
| 650 |
0 |
7 |
|0 (DE-588)4155046-8
|0 (DE-627)105518689
|0 (DE-576)209815868
|a Forschungsmethode
|2 gnd
|
| 650 |
0 |
7 |
|0 (DE-588)4139716-2
|0 (DE-627)105633291
|0 (DE-576)209696737
|a Methodologie
|2 gnd
|
| 650 |
0 |
7 |
|0 (DE-588)4136104-0
|0 (DE-627)104475870
|0 (DE-576)209666366
|a Forschungsergebnis
|2 gnd
|
| 650 |
0 |
7 |
|0 (DE-588)4077587-2
|0 (DE-627)106079697
|0 (DE-576)209205733
|a Sozialer Wandel
|2 gnd
|
| 650 |
0 |
7 |
|0 (DE-588)4132695-7
|0 (DE-627)104653477
|0 (DE-576)209637749
|a Wertorientierung
|2 gnd
|
| 650 |
0 |
7 |
|0 (DE-588)4013943-8
|0 (DE-627)104653892
|0 (DE-576)208906053
|a Einstellung
|2 gnd
|
| 650 |
0 |
7 |
|0 (DE-588)4300400-3
|0 (DE-627)104107553
|0 (DE-576)211028487
|a Empirische Forschung
|2 gnd
|
| 773 |
0 |
8 |
|i In
|t Handbuch Kindheits- und Jugendforschung
|d Opladen : Leske + Budrich, 2002
|g (2002), Seite 353-370
|h 920 S.
|w (DE-627)161792735X
|w (DE-576)091790921
|z 3810032921
|z 3810033200
|7 nnam
|
| 773 |
1 |
8 |
|g year:2002
|g pages:353-370
|
| 935 |
|
|
|a mkri
|
| 951 |
|
|
|a AR
|
| ELC |
|
|
|b 1
|
| LOK |
|
|
|0 000 xxxxxcx a22 zn 4500
|
| LOK |
|
|
|0 001 2899392794
|
| LOK |
|
|
|0 003 DE-627
|
| LOK |
|
|
|0 004 1507864485
|
| LOK |
|
|
|0 005 20251209132121
|
| LOK |
|
|
|0 008 160208||||||||||||||||ger|||||||
|
| LOK |
|
|
|0 040
|a DE-21-110
|c DE-627
|d DE-21-110
|
| LOK |
|
|
|0 689
|a g
|a DDR
|
| LOK |
|
|
|0 689
|a s
|a Rechtsextremismus
|
| LOK |
|
|
|0 689
|a s
|a Antisemitismus
|
| LOK |
|
|
|0 689
|a s
|a Fremdenfeindlichkeit
|
| LOK |
|
|
|0 852
|a DE-21-110
|
| LOK |
|
|
|0 852 1
|m p
|9 00
|
| LOK |
|
|
|0 935
|a k110
|
| LOK |
|
|
|0 938
|k p
|
| LOK |
|
|
|0 939
|a 08-02-16
|b l01
|
| ORI |
|
|
|a SA-MARC-krimdoka001.raw
|